000 01065 a2200193 4500
003 NUST
005 20230126180759.0
010 _a29030576
040 _cNust
082 _a900,POL
100 _aPollard, Albert Frederick
_9107817
245 _aFactors in modern history /
_cA. F. Pollard
260 _a3rd ed.
_bConstable and company, ltd
_cLondon
300 _bxi, 325 p.
_c20 cm
505 _aThe Value of History (Page-1), Nationality (Page-13), The Advent of the Middle Class (Page-32), The New Monarchy (Page-52), Henry VIII and the English Reformation (Page-73), Parliament (Page-93), Social Revolution (Page-114), Political Ideas of the Sixteenth and Seventeenth Centuries (Page-135), Church and State in England and Scotland (Page-155), Cromwellian Constitutions (Page-175), Colonial Expansion (Page-197), The University of London and the Study of History (Page-234), Twenty year After (Page-254), The Latest Phase (Page-274).
600 _aPollard, Albert Frederick
_9107817
650 _aFactors in modern history
_9107818
942 _2ddc
_cBK
_k900,POL
999 _c186119
_d186119